000 00497nam a2200145Ia 4500
008 090123s9999 xx 000 0 und d
082 _b36908
245 _aमौखिक परंपरेतील बालगीते
250 _a1
260 _bसाहित्य अकादमी
_c2004
300 _a52
630 _aमौखिक परंपरेतील बालगीते
730 _aमौखिक परंपरेतील बालगीते
942 _cBOOK
999 _c74975
_d74975